| 000 | 01118nam0a22002771 4500 | ||
|---|---|---|---|
| 001 | RU\INFOCOMM_327\NLR\5000079992 | ||
| 005 | 20250614080721.0 | ||
| 035 | _a(NLR Aleph) 010612184 | ||
| 090 |
_a10574731 _c10574731 |
||
| 100 | _a20130326d1928 |||y0rusy50 ca | ||
| 101 | 0 | _ager | |
| 102 | _aRU | ||
| 105 | _ay z|||| | ||
| 200 | 1 |
_aDer Standort des Ostpreussischen Mühlengewerbes _eEine Untersuchung unter Zugrundelegung der Theorie Alfred Weber _eInaug.-Diss. zur Erlangung der staatswissenschaftlichen Doktorwürde der ... Universität zu Königsberg i Pr. _fvorgelegt von Kurt Reinke |
|
| 210 |
_aKönigsberg i. Pr. _d1928 |
||
| 215 |
_a[4], VI, 77 с. _cил. _d22 см |
||
| 320 | _aБиблиогр.: с. I-II | ||
| 606 | 0 |
_aМукомольная промышленность _xГеографическое размещение _yВосточная Пруссия _2nlr_sh1 |
|
| 620 | _aКалининград | ||
| 686 |
_aЭП5328 _2rubbk |
||
| 700 | 1 |
_aReinke _bK. _gKurt |
|
| 801 | 1 |
_aRU _bInfocomm _c20130326 |
|
| 801 | 0 |
_aRU _bINFOCOMM _gPSBO |
|
| 852 |
_aNLR _jЭк41 В-6/6 |
||
| 942 | _cBOOK | ||
| 980 | _aNB | ||